Bài giảng hình họa - vẽ kỹ thuật cơ khí

Bài giảng trình bày các phương pháp biểu diễn vật thể lên bản vẽ, các tiêu chuẩn thông dụng và thường gặp nhất trong bản vẽ kỹ thuật.

Đã lưu trong:
書目詳細資料
主要作者: Dương, Xuân Vũ
格式: 圖書
語言:Undetermined
出版: Cần Thơ Trường Đại học Cần Thơ 2000
主題:
標簽: 添加標簽
沒有標簽, 成為第一個標記此記錄!
Thư viện lưu trữ: Trung tâm Học liệu Trường Đại học Cần Thơ
LEADER 00799nam a2200193Ia 4500
001 CTU_38450
008 210402s9999 xx 000 0 und d
082 |a 604.2 
082 |b V500 
100 |a Dương, Xuân Vũ 
245 0 |a Bài giảng hình họa - vẽ kỹ thuật cơ khí 
245 0 |c Dương Xuân Vũ 
260 |a Cần Thơ 
260 |b Trường Đại học Cần Thơ 
260 |c 2000 
520 |a Bài giảng trình bày các phương pháp biểu diễn vật thể lên bản vẽ, các tiêu chuẩn thông dụng và thường gặp nhất trong bản vẽ kỹ thuật. 
650 |a Engineering drawings,Mechanical drawing 
904 |i Trọng Hải 
980 |a Trung tâm Học liệu Trường Đại học Cần Thơ